<?xml version="1.0" encoding="UTF-8"?>
<record
    xmlns:xsi="http://www.w3.org/2001/XMLSchema-instance"
    xsi:schemaLocation="http://www.loc.gov/MARC21/slim http://www.loc.gov/standards/marcxml/schema/MARC21slim.xsd"
    xmlns="http://www.loc.gov/MARC21/slim">

  <leader>04051njm a2200613Ia 4500</leader>
  <controlfield tag="001">61890</controlfield>
  <controlfield tag="003">IT-RoPAU</controlfield>
  <controlfield tag="005">20220918181118.0</controlfield>
  <controlfield tag="008">131025s9999    xx            000 0 und d</controlfield>
  <datafield tag="040" ind1=" " ind2=" ">
    <subfield code="a">IT-RoPAU</subfield>
  </datafield>
  <datafield tag="040" ind1=" " ind2=" ">
    <subfield code="c">IT-RoPAU</subfield>
  </datafield>
  <datafield tag="999" ind1=" " ind2=" ">
    <subfield code="c">99588</subfield>
    <subfield code="d">99588</subfield>
  </datafield>
  <datafield tag="999" ind1=" " ind2=" ">
    <subfield code="b">n.d.</subfield>
  </datafield>
  <datafield tag="100" ind1=" " ind2=" ">
    <subfield code="a">AA.VV.</subfield>
    <subfield code="9">794</subfield>
  </datafield>
  <datafield tag="100" ind1=" " ind2=" ">
    <subfield code="e">Autore musica</subfield>
    <subfield code="9">23205</subfield>
  </datafield>
  <datafield tag="100" ind1=" " ind2=" ">
    <subfield code="g">Codice autore musica SPICS: 12000</subfield>
    <subfield code="9">796</subfield>
  </datafield>
  <datafield tag="245" ind1=" " ind2=" ">
    <subfield code="a">Hits On Tv Spot (Lp Fm 13592)</subfield>
  </datafield>
  <datafield tag="250" ind1=" " ind2=" ">
    <subfield code="a">1a ed.</subfield>
  </datafield>
  <datafield tag="260" ind1=" " ind2=" ">
    <subfield code="a">MILANO</subfield>
  </datafield>
  <datafield tag="260" ind1=" " ind2=" ">
    <subfield code="b">FIVE RECORD</subfield>
    <subfield code="c">1987 [1a Ed.:1987 - Ed. Lingua Orig.: 1987]</subfield>
  </datafield>
  <datafield tag="300" ind1=" " ind2=" ">
    <subfield code="a">DISCO</subfield>
  </datafield>
  <datafield tag="300" ind1=" " ind2=" ">
    <subfield code="c">49 minuti (Testo:  pag.)</subfield>
  </datafield>
  <datafield tag="500" ind1=" " ind2=" ">
    <subfield code="a">Colonne sonore di spot televisivi.</subfield>
  </datafield>
  <datafield tag="505" ind1=" " ind2=" ">
    <subfield code="a">Little Darlin' [(da Azzurro 87) (5:00)] - The Gold Bug [(Stock 84) (4:00)] - Stand By Me [(dal film omonimo) (3:00)] - Happy Children [(Amaretto di Saronno) (3:00)] - Sailing [(Birra Peroni) (4:00)] - When A Man Loves A Woman [(Blue jeans Levi's) (3:00)] - Hymne [(pasta Barilla) (3:00)] - La Colegiala [(Nescaf&#xE8;) (4:00)] - Sinfonia n. 9 [(scherzo) (Enel) (4:00)] - La campanella [(dal concerto n. 2) (Fiselden 100 gradi) (2:00)] - Rapsodia in blue [(Sambuca Molinari) (5:00)] - Toccata in re [(Whisky J&amp;B) (3:00)] - La primavera [(da le quattro stagioni) (pasta Spiga d'oro) (4:00)] - Coro dei gitani [(da il Trovatore) (Ford transit) (3:00)] - I Maestri Cantori di Norimberga [(Preludio) (Olio di Semi Maya) (3:00)] - Carmen [(preludio) (Rex Personal Program) (3:00)] - Carmina burana [(O fortuna) (Ape Piaggio) (3:00)] </subfield>
  </datafield>
  <datafield tag="511" ind1=" " ind2=" ">
    <subfield code="a">The Ruby's</subfield>
  </datafield>
  <datafield tag="511" ind1=" " ind2=" ">
    <subfield code="a">Korgy Ensemble</subfield>
  </datafield>
  <datafield tag="511" ind1=" " ind2=" ">
    <subfield code="a">Ben e King</subfield>
  </datafield>
  <datafield tag="511" ind1=" " ind2=" ">
    <subfield code="a">Percy Sledge</subfield>
  </datafield>
  <datafield tag="511" ind1=" " ind2=" ">
    <subfield code="a">Gl &amp; Band</subfield>
  </datafield>
  <datafield tag="511" ind1=" " ind2=" ">
    <subfield code="a">Metropolitan Symphony Orchestra e Coro John Newman</subfield>
  </datafield>
  <datafield tag="511" ind1=" " ind2=" ">
    <subfield code="a">Karl Rosemberg, Organo</subfield>
  </datafield>
  <datafield tag="650" ind1=" " ind2=" ">
    <subfield code="a">COLONNE SONORE [DISCHI]</subfield>
    <subfield code="e">Codice MATERIA SPICS: 9950</subfield>
    <subfield code="9">1905</subfield>
  </datafield>
  <datafield tag="700" ind1=" " ind2=" ">
    <subfield code="a">Williams M.</subfield>
    <subfield code="d">Codice autore musica SPICS: 21820</subfield>
    <subfield code="e">Autore musica</subfield>
    <subfield code="p">Little Darlin'</subfield>
    <subfield code="9">23206</subfield>
  </datafield>
  <datafield tag="700" ind1=" " ind2=" ">
    <subfield code="a">Wolfson</subfield>
    <subfield code="d">Codice autore musica SPICS: 21821</subfield>
    <subfield code="e">Autore musica</subfield>
    <subfield code="p">The Gold Bug</subfield>
    <subfield code="9">23207</subfield>
  </datafield>
  <datafield tag="700" ind1=" " ind2=" ">
    <subfield code="a">Parsons</subfield>
    <subfield code="d">Codice autore SPICS: 21822</subfield>
    <subfield code="e">Autore</subfield>
    <subfield code="p">The Gold Bug</subfield>
    <subfield code="9">23208</subfield>
  </datafield>
  <datafield tag="700" ind1=" " ind2=" ">
    <subfield code="a">King Ben E.</subfield>
    <subfield code="d">Codice autore musica SPICS: 13108</subfield>
    <subfield code="e">Autore musica</subfield>
    <subfield code="p">Stand By Me</subfield>
    <subfield code="9">23209</subfield>
  </datafield>
  <datafield tag="700" ind1=" " ind2=" ">
    <subfield code="a">Leiber Jerry</subfield>
    <subfield code="d">Codice autore SPICS: 15585</subfield>
    <subfield code="e">Autore</subfield>
    <subfield code="p">Stand By Me</subfield>
    <subfield code="9">23210</subfield>
  </datafield>
  <datafield tag="700" ind1=" " ind2=" ">
    <subfield code="a">Stoller Mike</subfield>
    <subfield code="d">Codice autore testo/musica SPICS: 15921</subfield>
    <subfield code="e">Autore testo/musica</subfield>
    <subfield code="p">Stand By Me</subfield>
    <subfield code="9">23211</subfield>
  </datafield>
  <datafield tag="700" ind1=" " ind2=" ">
    <subfield code="a">Pelandi P.</subfield>
    <subfield code="d">Codice autore musica SPICS: 21823</subfield>
    <subfield code="e">Autore musica</subfield>
    <subfield code="p">Happy Children</subfield>
    <subfield code="9">23212</subfield>
  </datafield>
  <datafield tag="700" ind1=" " ind2=" ">
    <subfield code="a">Sutherland Gavin</subfield>
    <subfield code="d">Codice autore musica SPICS: 21824</subfield>
    <subfield code="e">Autore musica</subfield>
    <subfield code="p">Sailing</subfield>
    <subfield code="9">23213</subfield>
  </datafield>
  <datafield tag="700" ind1=" " ind2=" ">
    <subfield code="a">Louis</subfield>
    <subfield code="d">Codice autore musica SPICS: 21825</subfield>
    <subfield code="e">Autore musica</subfield>
    <subfield code="p">When A Man Loves A Woman</subfield>
    <subfield code="9">23214</subfield>
  </datafield>
  <datafield tag="700" ind1=" " ind2=" ">
    <subfield code="a">Wright</subfield>
    <subfield code="d">Codice autore SPICS: 21796</subfield>
    <subfield code="e">Autore</subfield>
    <subfield code="p">When A Man Loves A Woman</subfield>
    <subfield code="9">23215</subfield>
  </datafield>
  <datafield tag="700" ind1=" " ind2=" ">
    <subfield code="a">Vangelis Papathanass</subfield>
    <subfield code="d">Codice autore musica SPICS: 11474</subfield>
    <subfield code="e">Autore musica</subfield>
    <subfield code="p">Hymne</subfield>
    <subfield code="9">23216</subfield>
  </datafield>
  <datafield tag="700" ind1=" " ind2=" ">
    <subfield code="a">Leon Walter</subfield>
    <subfield code="d">Codice autore musica SPICS: 21826</subfield>
    <subfield code="e">Autore musica</subfield>
    <subfield code="p">La Colegiala</subfield>
    <subfield code="9">23217</subfield>
  </datafield>
  <datafield tag="700" ind1=" " ind2=" ">
    <subfield code="a">Beethoven Ludwig Van</subfield>
    <subfield code="d">Codice autore musica SPICS: 10721</subfield>
    <subfield code="e">Autore musica</subfield>
    <subfield code="p">Sinfonia n. 9 (scherzo)</subfield>
    <subfield code="9">23218</subfield>
  </datafield>
  <datafield tag="700" ind1=" " ind2=" ">
    <subfield code="a">Paganini Nicol&#xF2;</subfield>
    <subfield code="d">Codice autore musica SPICS: 8112</subfield>
    <subfield code="e">Autore musica</subfield>
    <subfield code="p">La campanella (dal concerto n. 2)</subfield>
    <subfield code="9">23219</subfield>
  </datafield>
  <datafield tag="700" ind1=" " ind2=" ">
    <subfield code="a">Gershwin George</subfield>
    <subfield code="d">Codice autore musica SPICS: 10668</subfield>
    <subfield code="e">Autore musica</subfield>
    <subfield code="p">Rapsodia in blue</subfield>
    <subfield code="9">23220</subfield>
  </datafield>
  <datafield tag="700" ind1=" " ind2=" ">
    <subfield code="a">Bach Johann Sebastian</subfield>
    <subfield code="d">Codice autore musica SPICS: 9695</subfield>
    <subfield code="e">Autore musica</subfield>
    <subfield code="p">Toccata in re</subfield>
    <subfield code="9">23221</subfield>
  </datafield>
  <datafield tag="700" ind1=" " ind2=" ">
    <subfield code="a">Vivaldi Antonio</subfield>
    <subfield code="d">Codice autore musica SPICS: 11195</subfield>
    <subfield code="e">Autore musica</subfield>
    <subfield code="p">La primavera (da le quattro stagioni)</subfield>
    <subfield code="9">23222</subfield>
  </datafield>
  <datafield tag="700" ind1=" " ind2=" ">
    <subfield code="a">Verdi Giuseppe</subfield>
    <subfield code="d">Codice autore musica SPICS: 89</subfield>
    <subfield code="e">Autore musica</subfield>
    <subfield code="p">Coro dei gitani (da il Trovatore)</subfield>
    <subfield code="9">23223</subfield>
  </datafield>
  <datafield tag="700" ind1=" " ind2=" ">
    <subfield code="a">Wagner Richard</subfield>
    <subfield code="d">Codice autore musica SPICS: 563</subfield>
    <subfield code="e">Autore musica</subfield>
    <subfield code="p">I Maestri Cantori di Norimberga (Preludio)</subfield>
    <subfield code="9">23224</subfield>
  </datafield>
  <datafield tag="700" ind1=" " ind2=" ">
    <subfield code="a">Bizet Georges</subfield>
    <subfield code="d">Codice autore musica SPICS: 10724</subfield>
    <subfield code="e">Autore musica</subfield>
    <subfield code="p">Carmen (preludio)</subfield>
    <subfield code="9">23225</subfield>
  </datafield>
  <datafield tag="700" ind1=" " ind2=" ">
    <subfield code="a">Orff Carl</subfield>
    <subfield code="d">Codice autore musica SPICS: 10981</subfield>
    <subfield code="e">Autore musica</subfield>
    <subfield code="p">Carmina burana (O fortuna)</subfield>
    <subfield code="9">23226</subfield>
  </datafield>
  <datafield tag="942" ind1=" " ind2=" ">
    <subfield code="c">MD</subfield>
    <subfield code="2">ddc</subfield>
  </datafield>
  <datafield tag="952" ind1=" " ind2=" ">
    <subfield code="0">0</subfield>
    <subfield code="1">0</subfield>
    <subfield code="4">0</subfield>
    <subfield code="6">61890_000000000000000</subfield>
    <subfield code="7">1</subfield>
    <subfield code="a">SPICS</subfield>
    <subfield code="b">SPICS</subfield>
    <subfield code="d">2013-10-25</subfield>
    <subfield code="l">0</subfield>
    <subfield code="o">61890</subfield>
    <subfield code="r">2013-10-25 00:00:00</subfield>
    <subfield code="w">2013-10-25</subfield>
    <subfield code="y">MD</subfield>
    <subfield code="z">Progr. Ins.: 15773 / N.Vol.: 1 / Copie: 1 - Copia rara: n.d. / date import: 01.01.2014 - By Epidotti, Trombetti, Vaglietti</subfield>
  </datafield>
</record>
